000 00480cam a2200193ua 4500
001 3709
008 120209n ii |||gr||||Z||||||asm
020 _a81-7339-252-4
040 _cMAIN
082 _a891.4514
100 _aGohain, Hiren,
245 1 1 _aSahitya, satta aru sadhana
_cby Hiren Gohain
250 _a1st.
260 _aGuwahati:
_bBanalata,
_c2000.
300 _a152p:
_c23cm.
653 _aAssamese literature
653 _aSahitya, satta aru sadhana
942 _cBK
999 _c3536
_d3536